ARRUPE JESUIT UNIVERSITY

CORONAVIRUS -STOP THE SPREAD - CLEAN,DISINFECT,COVER

Muhammad's thoughts on death. (Record no. 125662)

MARC details
000 -LEADER
fixed length control field 00813cam a2200253 4500
001 - CONTROL NUMBER
control field 365658
003 - CONTROL NUMBER IDENTIFIER
control field ARRUPE
005 - DATE AND TIME OF LATEST TRANSACTION
control field 20161103111938.0
008 - FIXED-LENGTH DATA ELEMENTS--GENERAL INFORMATION
fixed length control field 700224s1969 ne b 001 0 eng
010 ## - LIBRARY OF CONGRESS CONTROL NUMBER
LC control number 77441798
015 ## - NATIONAL BIBLIOGRAPHY NUMBER
National bibliography number Ne69-33
040 ## - CATALOGING SOURCE
Original cataloging agency DLC
Transcribing agency DLC
Modifying agency DLC
050 00 - LIBRARY OF CONGRESS CALL NUMBER
Classification number BP134.D35
Item number O8
082 00 - DEWEY DECIMAL CLASSIFICATION NUMBER
Classification number 297/.23
300 ## - PHYSICAL DESCRIPTION
Dimensions 25 cm.
100 1# - MAIN ENTRY--PERSONAL NAME
Personal name O'Shaughnessy, Thomas J.
9 (RLIN) 27257
245 10 - TITLE STATEMENT
Title Muhammad's thoughts on death.
Remainder of title A thematic study of the Qur'anic data.
Statement of responsibility, etc Thomas O'Shaughnessy
260 ## - PUBLICATION, DISTRIBUTION, ETC. (IMPRINT)
Place of publication, distribution, etc Leiden,
Name of publisher, distributor, etc E. J. Brill,
Date of publication, distribution, etc 1969.
300 ## - PHYSICAL DESCRIPTION
Extent viii, 90 p.
504 ## - BIBLIOGRAPHY, ETC. NOTE
Bibliography, etc Bibliography: p. [83]-86.
650 #0 - SUBJECT ADDED ENTRY--TOPICAL TERM
Topical term or geographic name as entry element Death
General subdivision Religious aspects
-- Islam
-- Qurʼanic teaching.
9 (RLIN) 27258
650 #0 - SUBJECT ADDED ENTRY--TOPICAL TERM
Topical term or geographic name as entry element Death
General subdivision Religious aspects
-- Islam.
9 (RLIN) 27259
906 ## - LOCAL DATA ELEMENT F, LDF (RLIN)
a 7
b cbc
c orignew
d u
e ncip
f 19
g y-gencatlg
942 ## - ADDED ENTRY ELEMENTS (KOHA)
Source of classification or shelving scheme Library of Congress Classification
Koha item type Monograph ( Printed materials)
Holdings
Withdrawn status Lost status Source of classification or shelving scheme Damaged status Not for loan Collection code Home library Current library Shelving location Date acquired Total Checkouts Full call number Barcode Date last seen Price effective from Koha item type
    Library of Congress Classification     Main Collection ARRUPE LIBRARY ARRUPE LIBRARY Main Collection 03/11/2016   BP134.D35 O8 46500009933 03/11/2016 03/11/2016 Monograph ( Printed materials)

 

Arrupe Library. PO Box MP320 Mt Pleasant, Harare, Zimbabwe
263 242 745411|librarian@aju.ac.zw